000 00561nam a2200229Ia 4500
003 OSt
005 20220918221228.0
006 a|||||r|||| 00| 0
007 ta
008 220917b |||||||| |||| 00| 0 eng d
024 _a148,851
037 _cTextual
040 _aARTS
_cARTS
_beng
041 _2eng
_aeng
082 _aTz7, K61 (2D)
100 _aBaskin Wade ed
_982921
245 0 _aClassics in education
260 _c1966
650 _aEDUCATION
942 _hTz7, K61 (2D)
_cTEXL
_2CC
999 _c271527
_d271527